000 00600nam a2200193Ia 4500
008 240729s9999 xx 000 0 und d
022 _a2160-6773
245 0 _aSouthwest Journal of Pulmonary and Critical Care
260 _aUnited States
260 _bArizona Thoracic Society
650 _a General works | Medicine
650 _a Internal medicine
650 _a Medical emergencies. Critical care. Intensive care. First aid
650 _a Medicine (General)
650 _aMedicine
856 _uhttps://doaj.org/toc/728ddf5eddce41c3adf438f62a719db6
942 _2ddc
942 _cDOAJEJ
999 _c71000
_d71000
945 _a1
_bMadushi Gamage
_c1
_dMadushi Gamage